000 02144cam a22003855a 4500
001 18552554
003 NUST - PNEC
005 20170116181203.0
008 150402s2015 njua 001 0 eng d
010 _a 2015937848
020 _a9781119090625
020 _a1119090628
035 _a(OCoLC)ocn900793413
040 _aBTCTA
_beng
_cLIBRARY
042 _alccopycat
082 0 4 _a512 STE
100 1 _aSterling, Mary Jane,
_eauthor.
245 1 0 _aAlgebra II for Dummies /
_cby Mary Jane Sterling.
246 3 _aAlgebra 2 for dummies
250 _a2nd Edition.
260 _aNJ:
_bJhon Wiley & Sons, Inc.,
_cc2015.
300 _axiv, 388 pages :
_billustrations ;
_c24 cm
490 1 _aFor dummies
500 _aIncludes index.
505 0 _aGoing beyond beginning algebra -- Toeing the straight line: linear equations -- Conquering quadratic equations -- Rooting out the rational, radical, and negative -- Graphing your way to the good life -- Formulating function facts -- Sketching and interpreting quadratic functions -- Staying ahead of the curves: polynomials -- Reasoning with rational functions -- Exposing exponential and logarithmic functions -- Cutting up conic sections -- Solving systems of linear equations -- Solving systems of nonlinear equations and inequalities -- Simplifying complex numbers in a complex world -- Making moves with matrices -- Making a list: sequences and series -- Everything you wanted to know about sets -- Ten multiplication tricks -- Ten special types of numbers.
520 _aAlgebra can evoke anxiety in the best of us. Sterling shows you how to get up to speed on exponential functions, conic sections, matrices, and other advanced concepts.
650 0 _aAlgebra.
650 7 _aAlgebra.
_2fast
_xME
830 0 _a--For dummies.
856 _uhttp://www.amazon.com/Algebra-Dummies-Mary-Jane-Sterling/dp/1119090628/ref=sr_1_1?s=books&ie=UTF8&qid=1455784543&sr=1-1&keywords=9781119090625
906 _a0
_bibc
_ccopycat
_d2
_eepcn
_f20
_gy-gencatlg
942 _2ddc
_cBK
999 _c71524
_d71524